00858nam a2200193 i 450000100060000000300090000600500170001500700030003200800410003510000200007624501860009626000820028230000370036449000940040160000330049570000240052883000910055285200210064389135ES-MaACL20250809083426.0t|050105s1924 fr ||||1| fre d1 aLange, Maurice.13aLe comte Arthur de Gobineau b: étude biographique et critique /cMaurice Lange,... ; précédée d'un portrait de Maurice Lange et d'une notice biographique par M. C. Pfister. aStrasbourg : bLibrairie Istra ; aOxford : bOxford University Press,c1924. aXII, 291 p., 1 lám. ; c25 cm.1 aPublications de la Faculté des Lettres de l'Université de Strasbourg ; vFascicule 2214aGobineau, Arthur ccomte de.1 aPfister, Christian.00aPublications de la Faculté des lettres de l'Université de StrasbourgvFascicule 22 aES-MaACLjA-2185